[Event "127th NZ Congress 2020"]
[Site "Tauranga"]
[Date "2020.01.17"]
[Round "4.2"]
[White "Clarke, Brandon G I"]
[Black "Van Riemsdijk, Herman C."]
[Result "1/2-1/2"]
[WhiteElo "2438"]
[BlackElo "2260"]
[Annotator "TA"]
[PlyCount "81"]
[EventDate "2020.01.14"]
[EventType "swiss"]
[EventCountry "NZL"]
[SourceTitle "playchess.com"]
[Source "ChessBase"]
[SourceQuality "1"]

{[%evp 27,81,43,45,29,41,34,36,38,51,54,46,29,68,60,56,59,51,60,77,53,67,39,49,0,0,0,52,35,45,-39,-46,-97,-93,-99,-103,-90,-81,-158,-134,-201,-164,-154,-98,-100,-85,-189,-200,-242,-89,-177,-216,-223,-230,-284,-93,-142]} 1. e4 e5 2. Nf3 Nc6 3. Bb5 a6 4. Ba4 Nf6 5. O-O Be7 6. Re1 b5 7. Bb3 d6 8. c3 O-O 9. h3 Na5 10. Bc2 c5 11. d4 Qc7 12. Nbd2 cxd4 13. cxd4 Bb7 14. d5 Bc8 15. Nf1 {C99: Closed Ruy Lopez: Chigorin Defence: 11 d4 Qc7 12 Nbd2 cxd4} (15. Re3 Nb7 16. Rc3 Qb8 17. b4 a5 18. Ba3 Bd8 19. Bd3 Bd7 20. Qf1 axb4 21. Bxb4 Ba5 22. a3 Rc8 23. Rxc8+ Qxc8 24. Bxb5 Bxb5 25. Qxb5 Bxb4 26. Qxb4 {1-0 (60) Hammer,J (2610)-Radulski,J (2556) Helsingor 2011}) 15... Nb7 16. Ng3 Bd7 17. Be3 {White is slightly better.} Rfc8 $146 ({Predecessor:} 17... Nc5 18. Rc1 a5 19. a4 Rfb8 20. Nf5 Bxf5 21. exf5 bxa4 22. Bxa4 e4 {½-½ (43) Tanti,J (1609)-Zabransky,F (1913) LSS email 2014}) 18. Rc1 a5 19. Bd3 Qb8 20. Rxc8+ Qxc8 21. Qe2 Qe8 22. Rc1 Bd8 23. Nd2 a4 24. Nb1 Rb8 25. Ba7 Ra8 26. Be3 Rb8 27. Kh2 g6 28. f4 ({Better is} 28. Nd2 $14) 28... h5 $15 29. Qf3 (29. Kh1 $15) 29... exf4 $17 30. Bxf4 h4 31. Ne2 Nh5 32. Be3 ({White should try} 32. b4) 32... Bf6 33. Nbc3 (33. b4 $17 {was the only chance.} axb3 34. axb3) 33... b4 34. Nd1 {[#]} Rc8 (34... Nc5 $142 $1 {[%cal Rc5d3][%mdl 512]} 35. Bxc5 dxc5) 35. Rxc8 Qxc8 36. Nd4 (36. Bd2 $17) 36... Nc5 $19 37. Bb1 Qf8 $2 (37... Be5+ $19 {has better winning chances.} 38. Kg1 Ng3) 38. Nc2 {[#]} (38. Kg1 $17 {keeps fighting.}) 38... b3 $1 {[%cal Rb3c2]} 39. axb3 axb3 40. Ne1 Na4 $2 (40... Qa8 $19 {and Black stays clearly on top. And now ...Qa1 would win.} 41. Nd3 Nxd3 42. Bxd3 Be5+ 43. Kg1 Qa1) 41. Bf2 {Accuracy: White = 23%, Black = 68%.} 1/2-1/2

[Event "127th NZ Congress 2020"]
[Site "Tauranga"]
[Date "2020.01.17"]
[Round "4.3"]
[White "Johansen, Darryl K"]
[Black "Hague, Ben"]
[Result "1/2-1/2"]
[WhiteElo "2371"]
[BlackElo "2399"]
[Annotator "TA"]
[PlyCount "31"]
[EventDate "2020.01.14"]
[EventType "swiss"]
[EventCountry "NZL"]
[SourceTitle "playchess.com"]
[Source "ChessBase"]
[SourceQuality "1"]

{[%evp 16,31,-7,0,-6,-8,11,-26,-9,-12,-14,-9,-23,-20,-8,-39,-11,-23]} 1. c4 e5 2. Nc3 Nf6 3. Nf3 Nc6 4. e3 Be7 5. a3 d5 6. cxd5 Nxd5 7. d3 O-O 8. Be2 Be6 9. O-O f5 {A28: English Opening: Four Knights Variation} (9... Nb6 10. b4 f6 11. Bb2 Qd7 12. Qc2 Rfd8 13. Rfd1 Qe8 14. Ne4 Qf7 15. Nfd2 a5 16. b5 Na7 17. d4 exd4 18. Bxd4 {1-0 (86) Alekseev,E (2620)-Sethuraman,S (2638) Moscow 2019}) 10. Bd2 a5 11. Qc2 Nb6 {Black has an edge.} 12. Na4 $146 ({Predecessor:} 12. b3 Qd7 13. Bc1 Bf6 14. Bb2 Qf7 15. Nd2 Rfd8 16. Nc4 Nd7 17. Nb5 Rac8 18. Rab1 b6 {½-½ (55) Lagarde,M (2505)-Dornbusch,T (2327) Avoine 2012}) 12... Nxa4 13. Qxa4 Qd7 14. Qc2 Bf6 15. Rac1 Kh8 16. Bc3 1/2-1/2

[Event "127th NZ Congress 2020"]
[Site "Tauranga"]
[Date "2020.01.17"]
[Round "4.4"]
[White "Polishchuk, Kirill"]
[Black "Ker, Anthony F"]
[Result "1/2-1/2"]
[WhiteElo "2151"]
[BlackElo "2302"]
[Annotator "TA"]
[PlyCount "86"]
[EventDate "2020.01.14"]
[EventType "swiss"]
[EventCountry "NZL"]
[SourceTitle "playchess.com"]
[Source "ChessBase"]
[SourceQuality "1"]

{[%evp 14,86,8,0,21,18,29,0,0,8,2,-11,-25,0,15,19,75,73,49,58,72,61,48,22,22,17,19,15,16,19,15,0,0,0,18,-3,24,-3,-4,-9,10,0,0,0,4,11,48,0,0,0,0,0,0,0,0,0,0,0,0,0,0,0,0,0,0,0,0,0,0,0,0,0,0,-4,0]} 1. e4 c5 2. Nf3 g6 3. d4 cxd4 4. Qxd4 Nf6 5. Nc3 Nc6 6. Qa4 d6 7. e5 dxe5 8. Nxe5 Bd7 {B27: Sicilian: 2 Nf3, unusual Black 2nd moves} 9. Nxd7 Qxd7 10. Bd2 (10. Be2 Bg7 11. O-O O-O 12. Rd1 Qf5 13. Bd3 Qh5 14. Qb5 Qxb5 15. Bxb5 Nb4 16. Ba4 {1-0 (60) Guseinov,G (2664)-Gordievsky,D (2614) St Petersburg 2018}) 10... Bg7 11. O-O-O O-O 12. Bf4 $146 ({Predecessor:} 12. f3 a6 13. Bg5 Qc7 14. Bf4 Qa5 15. Qxa5 Nxa5 16. Bc7 {1-0 (37) Fuchs,J (2285)-Reuter,E (1648) Erfurt 2017}) 12... Qc8 13. Bb5 a6 14. Bxc6 $1 {[#] Threatens to win with Bf3.} Qxc6 (14... b5 $11 {remains equal.} 15. Bxb5 axb5) 15. Qxc6 $16 bxc6 16. Rhe1 e6 17. Be5 Rfd8 18. h3 (18. b3 {keeps more tension.} h5 19. Na4 Bh6+ 20. Kb2 Ng4 21. Bg3) 18... Nd5 19. Bxg7 Kxg7 20. Ne2 c5 21. Rd2 Kf6 22. Red1 Ke7 23. c4 Nb4 24. a3 {[#] Black must now prevent Rxd8.} Nc6 25. Kc2 Rxd2+ 26. Rxd2 $11 {[%mdl 4096] Endgame KRN-KRN} Rb8 27. Kc3 a5 28. b3 f6 29. Nc1 {next Nd3 is good for White.} a4 30. Rb2 axb3 $1 {The position is equal.} 31. Nxb3 Ra8 32. Ra2 Kd6 33. Rd2+ Nd4 34. Nxd4 cxd4+ 35. Rxd4+ {KR-KR} Kc5 36. Rd7 Rxa3+ 37. Kd2 Kxc4 38. Rxh7 Kd4 39. Rh4+ Ke5 40. Rg4 Kf5 41. Rb4 e5 42. Ke2 Ra5 43. Ke3 Ra3+ {Accuracy: White = 65%, Black = 60%.} 1/2-1/2

[Event "127th NZ Congress 2020"]
[Site "Tauranga"]
[Date "2020.01.17"]
[Round "4.5"]
[White "Park-Tamati, Philli"]
[Black "Dive, Russell John"]
[Result "0-1"]
[WhiteElo "1537"]
[BlackElo "2283"]
[Annotator "TA"]
[PlyCount "32"]
[EventDate "2020.01.14"]
[EventType "swiss"]
[EventCountry "NZL"]
[SourceTitle "playchess.com"]
[Source "ChessBase"]
[SourceQuality "1"]

{[%evp 9,32,13,30,-46,-56,-54,-49,-47,-47,-137,-124,-104,-47,-35,-28,-126,-119,-137,-119,-163,-138,-241,-232,-272,-280]} 1. d4 Nf6 2. Bf4 c5 3. d5 (3. e3 Qb6 4. Nc3 cxd4 5. Qxd4 Qxb2 6. Rb1 Qa3 7. Bxb8 Rxb8 8. Rb3 Qa5 9. Rb5 Qc7 10. Rc5 Qb6 11. Qc4 Kd8 {0-1 (56) Zhang,Z (2636)-Caruana,F (2812) Douglas 2019}) 3... d6 4. Nc3 g6 5. Nf3 Bg7 6. h3 {A45: Trompowsky Attack} ({White should play} 6. e4 $11) 6... b5 $146 {[%mdl 64] [#] Decoy} ({Predecessor:} 6... O-O 7. e3 Na6 8. Bc4 Nc7 9. a4 Rb8 10. O-O b6 11. e4 a6 {0-1 (60) Burdalev,K (2385)-Sergeev,V (2411) Prague 2019}) 7. Nxb5 Qa5+ 8. Nc3 {Black is slightly better.} Ne4 $1 {[%cal Re4c3]} 9. Qd3 (9. Bd2 $15 Nxd2 10. Qxd2) 9... Bxc3+ $17 ({Don't play} 9... Nxc3 10. Bd2 $15) 10. bxc3 {[#]} Qxc3+ (10... Ba6 $1 $17 {[%cal Ra6d3]} 11. Qe3 Nd7) 11. Qxc3 $15 Nxc3 12. Kd2 (12. e4 $11 {keeps the balance.}) 12... Nxd5 $17 13. Bg3 Nf6 14. Bh2 Nc6 15. Rb1 (15. e3 $17) 15... Be6 16. a3 Ne4+ {Accuracy: White = 15%, Black = 68%.} 0-1

[Event "127th NZ Congress 2020"]
[Site "Tauranga"]
[Date "2020.01.17"]
[Round "4.6"]
[White "Gong, Daniel Hanwen"]
[Black "Pinic, Noel"]
[Result "1/2-1/2"]
[WhiteElo "2276"]
[BlackElo "2054"]
[Annotator "TA"]
[PlyCount "66"]
[EventDate "2020.01.14"]
[EventType "swiss"]
[EventCountry "NZL"]
[SourceTitle "playchess.com"]
[Source "ChessBase"]
[SourceQuality "1"]

{[%evp 9,66,22,47,29,30,0,3,-4,0,0,0,-14,19,13,29,43,39,0,0,0,0,0,0,0,0,0,36,0,8,0,1,0,0,-18,0,-115,0,-17,0,-37,-37,-47,-35,-40,-34,-30,-10,-34,-36,-46,-38,-42,-43,-51,-51,-51,-51,-51,-11]} 1. d4 Nc6 2. d5 Nb8 3. e4 d6 4. Nc3 Nf6 5. f4 e6 6. Bd3 $146 {B00: Queen's Fianchetto Defence, Nimzowitsch Defence} ({Predecessor:} 6. dxe6 Bxe6 7. Nf3 Be7 8. Be2 c6 9. O-O d5 10. e5 Qb6+ 11. Kh1 Nfd7 12. Nd4 {1-0 (20) Mladenov,S (2463)-Gazic,J (2272) Moehnesee 2010}) 6... exd5 7. exd5 Be7 8. Nf3 {The position is equal.} O-O 9. O-O Nbd7 10. Re1 Nc5 11. Bf1 a5 12. Be3 Bf5 13. h3 Nfe4 14. Nxe4 Bxe4 15. Bxc5 Bxf3 $1 16. Qxf3 {[#] Strongly threatening Bf2.} dxc5 17. c3 Qd6 18. Re3 Rfd8 19. Rae1 Bf8 20. Bc4 a4 21. a3 Rdb8 22. Bd3 {[#]} (22. R3e2 $11 {remains equal.}) 22... b5 (22... c4 $1 $17 {[%cal Rc4d3]} 23. Bxc4 Qb6) 23. Qe4 {[%csl Gd3][%cal Re4h7]} Qh6 {Threatens to win with ...c4.} 24. Bc2 Bd6 25. g4 Kf8 26. Kg2 ({Much weaker is} 26. Qxh7 Qxh7 27. Bxh7 g6 $17) 26... g6 27. f5 Qf4 28. Qxf4 Bxf4 {Black is slightly better.} 29. Rf3 g5 $1 30. h4 h6 31. hxg5 Bxg5 32. Rff1 Re8 33. Kf3 $1 c4 {Accuracy: White = 45%, Black = 51%.} 1/2-1/2

[Event "127th NZ Congress 2020"]
[Site "Tauranga"]
[Date "2020.01.17"]
[Round "4.7"]
[White "Garbett, Paul Anthony"]
[Black "Fulo, Nunilon III"]
[Result "1-0"]
[WhiteElo "2185"]
[BlackElo "2017"]
[Annotator "TA"]
[PlyCount "103"]
[EventDate "2020.01.14"]
[EventType "swiss"]
[EventCountry "NZL"]
[SourceTitle "playchess.com"]
[Source "ChessBase"]
[SourceQuality "1"]

{[%evp 17,103,0,0,0,0,0,0,0,13,-51,-52,-87,-78,-104,-114,-150,-146,-140,-94,-108,-80,-97,-24,-27,-32,-20,-12,-15,12,0,18,-4,0,0,20,20,20,20,20,20,20,20,23,20,20,0,20,0,20,20,20,20,33,0,20,20,20,20,114,101,114,114,118,127,102,64,64,68,232,211,268,243,841,830,1366,1234,2031,1845,3441,3714,29979,29978,29987,29988,29988,29989,29989,29990]} 1. e4 e5 2. Nf3 Nc6 3. Bb5 a6 4. Ba4 Nf6 5. O-O Be7 6. Re1 b5 7. Bb3 O-O 8. a4 Bb7 9. Nc3 Nd4 10. Nxd4 {C88: Closed Ruy Lopez: Anti-Marshall Systems} exd4 11. Nd5 Nxd5 12. exd5 {The position is equal.} (12. Bxd5 Bxd5 13. exd5 Bf6 {½-½ (13) Tan,J (2484)-Tarlev,K (2552) Ortisei 2018}) 12... d3 13. axb5 (13. Qf3 $11) 13... Bc5 $146 ({Predecessor:} 13... axb5 14. Rxa8 Bxa8 15. c3 Bd6 16. Qf3 c5 17. c4 bxc4 18. Bxc4 {0-1 (27) Mueller,H (2280)-Becker,M (2405) Germany 1996}) 14. cxd3 Qh4 15. Qf3 Rae8 $1 {[%cal Re8e1]} 16. Re4 {[#]} f5 $1 {[%cal Rf5e4]} 17. Re3 f4 ({Stronger than} 17... Bxe3 18. dxe3 axb5 19. Ra7 $11 (19. d6+ Kh8 $15)) 18. Re4 axb5 19. h3 Bb6 ({Black should play} 19... d6 $17) 20. d4 $1 $11 {Hoping for d6+.} Rxe4 21. Qxe4 {Threatens to win with d6+.} d6 22. d3 Kh8 23. Bd2 Qf6 24. Rc1 Bc8 25. Bd1 Qf7 26. Bg4 Bxg4 27. hxg4 Qf6 28. b3 h6 29. Bc3 Qh4 30. f3 Qf6 31. Re1 Ra8 32. Ra1 (32. b4 {is more complex.} Kg8 33. Kf1 Qf7 34. Re2 g5 35. Kf2) 32... Rf8 33. b4 Rd8 34. Kf1 Rf8 35. Kg1 Rd8 36. g3 fxg3 37. Kg2 $1 Qh4 (37... g5 $11) 38. Rh1 $36 {[%mdl 2048] White has strong initiative.} Qg5 39. Kxg3 Qf6 40. f4 Qf7 41. Qe6 Kg8 42. Re1 {Strongly threatening g5.} Ra8 $2 ({Better is} 42... Kf8 $1 $14) 43. f5 $18 Kf8 {[#]} 44. g5 $1 Qxe6 $2 (44... Qh5 45. Bd2 (45. g6 Qg5+ 46. Kh3 Qh5+ 47. Kg3 Qg5+ 48. Kh3 Qh5+ 49. Kg3 $11) 45... hxg5) 45. dxe6 ({Weaker is} 45. fxe6 Ra3 $11) 45... hxg5 {[%mdl 4096] Endgame KRB-KRB} 46. d5 c6 47. dxc6 Bd8 48. Ra1 Rc8 49. Ra7 {White mates.} Bf6 50. Bxf6 gxf6 51. Rf7+ {[%mdl 64] Double Attack} Ke8 52. c7 {Accuracy: White = 71%, Black = 43%.} 1-0

[Event "127th NZ Congress 2020"]
[Site "Tauranga"]
[Date "2020.01.17"]
[Round "4.9"]
[White "Bennett, Hilton"]
[Black "Sandler, Leonid"]
[Result "0-1"]
[WhiteElo "1913"]
[BlackElo "2226"]
[Annotator "TA"]
[PlyCount "58"]
[EventDate "2020.01.14"]
[EventType "swiss"]
[EventCountry "NZL"]
[SourceTitle "playchess.com"]
[Source "ChessBase"]
[SourceQuality "1"]

{[%evp 19,61,0,0,-16,-8,-31,-32,-29,-30,-36,15,-58,-12,-66,-64,-46,-56,-104,-96,-60,-21,-346,-329,-365,-366,-314,-323,-317,-304,-589,-572,-606,-589,-556,-583,-844,-835,-1902,-1803,-29993,-29994,-29996,-29997,-29997]} 1. e4 e6 2. d3 c5 3. g3 Nc6 4. Bg2 g6 5. Nf3 Bg7 6. Nbd2 Nge7 7. O-O O-O 8. Re1 d6 9. a4 Rb8 10. c3 a6 {[%cal Ba7a6,Ba6b5][%mdl 32]} 11. Nb3 {A04: Unusual lines after 1 Nf3 and King's Indian Attack} e5 12. Rb1 $146 ({Predecessor:} 12. d4 exd4 13. cxd4 c4 14. Nbd2 b5 15. axb5 axb5 16. Nf1 Bg4 17. Be3 f5 18. exf5 Nxf5 {0-1 (30) Bolon,K (2041)-Socko,M (2450) Bangkok 2014}) 12... b5 13. axb5 {Black is slightly better.} axb5 14. Be3 h6 ({Better is} 14... c4 $15 15. dxc4 bxc4) 15. h4 (15. d4 $11) 15... Be6 16. Nc1 (16. d4 $11 Bxb3 17. Qxb3 exd4 18. cxd4) 16... f5 $15 17. Qd2 Kh7 18. h5 gxh5 19. Nh4 Qd7 {aiming for ...f4!} 20. Bf3 $2 {[%mdl 8192] [#]} (20. Ne2 $11 {and White stays safe.}) 20... f4 $1 $19 {[%mdl 512]} 21. gxf4 exf4 22. Bxf4 Ne5 {White must now prevent ...N7g6.} 23. Bg2 Bh3 24. Bg3 $2 {[#]} (24. Re3 Bxg2 25. Nxg2) 24... Bf6 25. Nf5 Nxf5 26. exf5 {intending Bxe5.} Bxg2 27. Bxe5 Bxe5 28. f4 Bd5 29. fxe5 Qxf5 0-1

[Event "127th NZ Congress 2020"]
[Site "Tauranga"]
[Date "2020.01.17"]
[Round "4.10"]
[White "Findlay, David John"]
[Black "Reilly, Tim"]
[Result "1/2-1/2"]
[WhiteElo "2169"]
[BlackElo "2098"]
[Annotator "TA"]
[PlyCount "57"]
[EventDate "2020.01.14"]
[EventType "swiss"]
[EventCountry "NZL"]
[SourceTitle "playchess.com"]
[Source "ChessBase"]
[SourceQuality "1"]

{[%evp 15,57,44,49,-17,27,-14,-2,-124,28,30,29,29,61,56,64,-10,-3,-8,0,-10,-19,-8,-6,-7,-10,-7,0,0,0,0,43,0,0,0,0,0,0,0,0,0,0,0,0,0]} 1. e4 d6 2. d4 g6 3. Nf3 Bg7 4. Bd3 Nf6 5. h3 O-O 6. O-O Nc6 7. c3 e5 8. d5 Ne7 9. Be3 {B07: Pirc Defence: Miscellaneous Systems} (9. c4 $14) (9. c4 Nd7 10. Nc3 f5 11. Bg5 h6 12. Bxe7 Qxe7 13. Re1 f4 14. Nh2 h5 15. Rc1 Bh6 16. Rc2 a5 {0-1 (57) Ramirez,B (2174)-Valderrama Quiceno,E (2405) Medellin 2019}) 9... Nh5 10. Qd2 f5 {[#] aiming for ...f4.} 11. Bh6 (11. Bg5 $11) 11... f4 $2 ({Black should try} 11... fxe4 $17 12. Bxe4 Nf6) 12. Bxg7 $11 Kxg7 $146 ({Predecessor:} 12... Nxg7 13. Nh2 f3 14. g4 Rf4 15. Qe3 h5 16. Nd2 hxg4 17. hxg4 Bxg4 18. Nhxf3 Bxf3 19. Nxf3 {0-1 (28) Adibekian,R (2219)-Van den Berg,A (2286) Arvier 2004}) 13. c4 h6 14. c5 g5 15. Nc3 (15. Qc3 $14) 15... Ng6 16. cxd6 cxd6 17. Be2 g4 18. hxg4 Bxg4 19. Nh2 Bxe2 20. Qxe2 f3 21. Nxf3 Ngf4 22. Qe3 Qf6 23. Ne2 Nxe2+ {The position is equal.} 24. Qxe2 Nf4 {[#] ( -> ...Qg6!)} 25. Qe3 Rf7 26. g3 Nxd5 $1 27. exd5 {Threatens to win with Kg2.} Qxf3 28. Qxf3 Rxf3 29. Rac1 {Accuracy: White = 37%, Black = 54%.} 1/2-1/2

[Event "127th NZ Congress 2020"]
[Site "Tauranga"]
[Date "2020.01.18"]
[Round "5.1"]
[White "Hague, Ben"]
[Black "Papin, Vasily"]
[Result "1/2-1/2"]
[WhiteElo "2399"]
[BlackElo "2481"]
[Annotator "TA"]
[PlyCount "30"]
[EventDate "2020.01.14"]
[EventType "swiss"]
[EventCountry "NZL"]
[SourceTitle "playchess.com"]
[Source "ChessBase"]
[SourceQuality "1"]

{[%evp 14,30,20,19,28,0,0,-52,-10,-7,-14,-18,1,0,13,6,7,-31,-38]} 1. e4 c5 2. Nf3 Nc6 3. d4 cxd4 4. Nxd4 Qb6 5. Nb5 Nf6 6. Be3 Qd8 7. N1c3 a6 8. Nd4 e5 {B33: Sicilian: Pelikan and Sveshnikov Variations} 9. Nb3 Bb4 10. Bc4 ({White should try} 10. Qf3 $11) 10... d6 $146 (10... Nxe4 $5 11. Qd5 Nd6 $11) ({Predecessor:} 10... O-O 11. O-O Bxc3 12. bxc3 Nxe4 13. Qd3 Nf6 14. Rfd1 d5 15. Bxd5 Nxd5 16. Qxd5 Qxd5 17. Rxd5 {1-0 (49) Ivanchuk,V (2715)-Grivas,E (2520) Heraklion 2004}) 11. O-O Bxc3 12. bxc3 Be6 13. Bxe6 fxe6 14. c4 O-O 15. Bc1 Qc7 1/2-1/2

[Event "127th NZ Congress 2020"]
[Site "Tauranga"]
[Date "2020.01.18"]
[Round "5.2"]
[White "Fernandez, Daniel Howard"]
[Black "Clarke, Brandon G I"]
[Result "1-0"]
[WhiteElo "2451"]
[BlackElo "2438"]
[Annotator "TA"]
[PlyCount "45"]
[EventDate "2020.01.14"]
[EventType "swiss"]
[EventCountry "NZL"]
[SourceTitle "playchess.com"]
[Source "ChessBase"]
[SourceQuality "1"]

{[%evp 19,45,7,17,10,14,19,16,8,10,13,15,15,0,8,24,17,16,17,12,14,50,38,116,116,159,188,180,158]} 1. g3 g6 2. Bg2 Bg7 3. c4 Nf6 4. Nc3 d6 5. Nf3 O-O 6. O-O e5 7. d3 Nc6 8. Rb1 a5 9. a3 Nd4 10. Nxd4 exd4 11. Nb5 {A26: English Opening vs King's Indian with ...Nc6 and d3} Ng4 (11... Nh5 12. e3 dxe3 13. Bxe3 c6 14. Nc3 Nf6 15. Qb3 Bf5 16. Rbd1 Qd7 17. Rfe1 Bh3 18. Bd4 Bxg2 19. Kxg2 {½-½ (39) Nepomniachtchi,I (2732)-Adhiban,B (2670) Khanty-Mansiysk 2017}) 12. h3 c6 13. hxg4 {The position is equal.} Bxg4 14. a4 {[%cal Ba3a4,Ba4b5][%mdl 32] Threatens to win with Na3.} cxb5 15. axb5 Re8 16. Re1 $36 {[%mdl 2048] White is pushing.} Qd7 17. Ra1 $146 ({Predecessor:} 17. Bf4 h5 {½-½ (39) Ramirez Moyano,L (2076)-Tellier,B (2064) ICCF email 2011}) 17... h5 18. Bf4 Bh3 19. Bf3 Bf6 20. Qd2 h4 {[#]} (20... a4 $14) 21. Bg5 $1 $16 {[%cal Rg5f6]} Bxg5 22. Qxg5 hxg3 23. fxg3 {Accuracy: White = 100%, Black = 56%.} ({Resist} 23. Qxg3 $6 Re5 $14) 1-0

[Event "127th NZ Congress 2020"]
[Site "Tauranga"]
[Date "2020.01.18"]
[Round "5.3"]
[White "Smith, Robert W"]
[Black "Johansen, Darryl K"]
[Result "0-1"]
[WhiteElo "2160"]
[BlackElo "2371"]
[Annotator "TA"]
[PlyCount "90"]
[EventDate "2020.01.14"]
[EventType "swiss"]
[EventCountry "NZL"]
[SourceTitle "playchess.com"]
[Source "ChessBase"]
[SourceQuality "1"]

{[%evp 21,90,0,32,0,0,0,0,0,8,0,0,-12,0,-3,-8,-24,-20,-36,-30,-33,-5,-12,-16,-31,0,-22,-7,-10,-18,-11,0,0,0,0,0,-39,0,-6,0,0,0,0,0,-12,-19,-32,0,-23,-14,-75,6,-10,-10,-21,-20,-48,-55,-162,-150,-146,-151,-133,-122,-264,-283,-266,-261,-246,-245,-348,-335]} 1. d4 Nf6 2. Bf4 b6 3. e3 Bb7 4. Nf3 g6 5. h3 Bg7 6. Be2 c5 7. c3 O-O 8. Nbd2 d6 9. O-O Nbd7 10. a4 a6 11. Bh2 Ra7 12. Ne1 {A48: 1 d4 Nf6 2 Nf3 g6: Torre, London and Colle Systems} (12. Qb1 Qa8 13. Bd3 cxd4 14. cxd4 Nd5 15. Rc1 Nb4 16. Bf1 Nf6 17. Ra3 Bd5 18. Bc4 Bc6 19. Bf1 Bd5 {1-0 (56) Ivanchuk,V (2713)-Wagner,D (2566) Batumi 2018}) 12... Qa8 13. Bf3 Ne4 14. Nxe4 {The position is equal.} Bxe4 15. Bxe4 Qxe4 16. Qf3 (16. Bg3 {looks sharper.} Rc8 17. Nc2 Raa8 18. Qd2 Qb7 19. Rfd1) 16... Nf6 17. Qxe4 Nxe4 18. Nf3 Rc8 $146 ({Predecessor:} 18... Rb8 19. Rfd1 b5 {½-½ (77) Dikant,C (2041)-Piot,O (2260) France 2008}) 19. Bf4 h6 20. Rfd1 g5 21. Bh2 f5 22. Nd2 Nf6 23. a5 b5 24. dxc5 Rxc5 25. Nb3 Rd5 26. Nd4 Kf7 27. Nc6 Ra8 28. Nb4 Rc5 29. f3 Ke6 30. g4 fxg4 31. hxg4 h5 32. gxh5 g4 33. Nd3 Rg5 34. Bf4 Rxh5 35. fxg4 (35. Kg2 $11) 35... Rh4 ({Black should play} 35... Nxg4 $17 36. Bxd6 Kf7) 36. g5 Ne4 37. Nf2 Kf5 38. Nxe4 Kxe4 39. Kg2 (39. Kf2 $1 $15) 39... Rah8 $19 {And now ...Rg4+ would win.} 40. Rg1 e5 41. Bg3 Rg4 42. Rh1 (42. Kf1 $17) 42... Rxh1 ({Inferior is} 42... Kxe3 43. Rhe1+ Kd3 44. Rad1+ Kc2 45. Rxd6 $11) ({Don't do} 42... Rxg5 43. Rxh8 Bxh8 44. Kf2 $17) 43. Rxh1 Rxg5 44. Kf2 Rg6 45. Rh3 (45. Re1 {might work better.}) 45... Rh6 {Accuracy: White = 31%, Black = 71%.} 0-1

[Event "127th NZ Congress 2020"]
[Site "Tauranga"]
[Date "2020.01.18"]
[Round "5.4"]
[White "Ker, Anthony F"]
[Black "Garbett, Paul Anthony"]
[Result "1-0"]
[WhiteElo "2302"]
[BlackElo "2185"]
[Annotator "TA"]
[PlyCount "47"]
[EventDate "2020.01.14"]
[EventType "swiss"]
[EventCountry "NZL"]
[SourceTitle "playchess.com"]
[Source "ChessBase"]
[SourceQuality "1"]

{[%evp 9,47,-2,0,-6,0,0,0,0,0,-7,0,0,-4,-17,-25,-40,-40,-58,-60,-59,-78,-66,-36,-39,-57,-43,-22,-36,-26,-51,0,0,72,72,195,195,1101,1100,29992,29993]} 1. e4 c5 2. Nc3 e6 3. f4 d5 4. Nf3 dxe4 (4... d4 5. Ne2 Nc6 6. d3 g6 7. g3 Bg7 8. Bg2 Nge7 9. O-O O-O 10. Bd2 a5 11. a4 f5 12. Kh1 h6 13. Nh4 Kh7 14. Ng1 Bd7 15. b3 Nb4 16. Bxb4 cxb4 17. Qe2 {½-½ (34) Short,N (2652)-Shyam,S (2505) Douglas 2018}) 5. Bb5+ Bd7 6. Bxd7+ {B23: Closed Sicilian: Lines without g3} Nxd7 7. Nxe4 Qc7 8. d3 {The position is equal.} Ngf6 9. Qe2 Be7 10. O-O O-O 11. b3 Nxe4 12. dxe4 c4 13. Be3 Nf6 14. e5 $146 ({Predecessor:} 14. f5 exf5 15. exf5 Bc5 {½-½ (88) Mandery,M (2159)-Mayer,F (2329) Germany 2009}) 14... Nd5 15. Kh1 Rfc8 16. Nd4 cxb3 17. cxb3 a6 18. Bg1 g6 19. Qg4 h5 (19... Bc5 $15) 20. Qf3 $11 Qc3 {[#]} (20... Qd7 $11) 21. Qe4 $1 $16 {Black must now prevent Nxe6!} Qd2 {[#]} (21... Qb4 $16) 22. Nxe6 $1 $18 {[%mdl 576] Deflection} fxe6 $2 (22... Nc3 23. Qxb7 Qd5 24. Qxe7 Qxe6) 23. Qxg6+ {[%mdl 64] Double Attack} Kf8 24. f5 {Accuracy: White = 82%, Black = 40%.} 1-0